000 00361nam a2200145Ia 4500
008 240719s9999 xx 000 0 und d
041 _aeng
082 _a613 GRO
100 _aGrotto, David W
245 _a101 Optimal Life Foods
260 _aNew York
_bBANTAM BOOKS
_c2010
300 _a420;. P. 23 Cm
365 _c
_b16
520 _aGifted By : IMT Faculty
999 _c41387
_d41387